000 00452nam a22001457a 4500
020 _a9781111839529
082 _a612.8
100 _aKalat, James W
245 _aBiological psychology
250 _a11th
260 _aAustralia
_bCengage learning
_c2013.
300 _a584
942 _cBK
999 _c349381
_d349381